| 000 | 00922nam a22002897a 4500 | ||
|---|---|---|---|
| 003 | CHAP | ||
| 005 | 20220329134232.0 | ||
| 008 | 971013s1968 us r 00010 eng d | ||
| 010 | _a17403 | ||
| 011 | _a18375 | ||
| 035 | _a22460 | ||
| 040 | _cCHAP | ||
| 082 | 0 | 4 |
_a581.05 _bH8 |
| 110 | 2 |
_aHunt Botanical Library. Pittsburgh, Pa. _956918 |
|
| 245 | 1 | _aB-P-H; Botánico-periodicum-huntianum | |
| 260 |
_aPittsburgh, Pa. : _bHunt Botanical Library, _c1968 |
||
| 300 | _a1063 p. | ||
| 590 |
_aBATCH-UPD _b10 _c20130110 _lUCH01 _h2248 |
||
| 590 |
_aBATCH-UPD _b10 _c20130410 _lUCH01 _h1542 |
||
| 590 |
_aBATCH-UPD _b10 _c20130914 _lUCH01 _h0728 |
||
| 590 |
_aCONVERSION _b10 _c20130109 _lUCH01 _h1311 |
||
| 650 | 1 | 4 |
_aBotánica _xPublicaciones periódicas. _914606 |
| 700 | 0 |
_aLawrence, George Hill Mathewson _eed. _965175 |
|
| 901 | _aBK | ||
| 942 | _cLIBRO | ||
| 949 |
_a581.05 H8 _bBC _cLIBRO _d33724000495032 _eC _h33662 _i22460 _si |
||
| 999 |
_c17403 _d17403 |
||